The Finance Bill 2009 (Record no. 109770)
[ view plain ]
| 000 -LEADER | |
|---|---|
| fixed length control field | 01579cad a22002415a 4500 |
| 001 - CONTROL NUMBER | |
| control field | E147895 |
| 008 - FIXED-LENGTH DATA ELEMENTS--GENERAL INFORMATION | |
| fixed length control field | 090629s2009 xxk f f000 0 eng d |
| 035 ## - SYSTEM CONTROL NUMBER | |
| System control number | (Sirsi) u147895 |
| 041 0# - LANGUAGE CODE | |
| Language code of text/sound track or separate title | eng |
| 050 04 - LIBRARY OF CONGRESS CALL NUMBER | |
| Classification number | 333.32 $2 18 |
| 110 2# - MAIN ENTRY--CORPORATE NAME | |
| Corporate name or jurisdiction name as entry element | United Kingdom Parliament |
| Subordinate unit | House of Lords |
| 9 (RLIN) | 3232 |
| 245 04 - TITLE STATEMENT | |
| Title | The Finance Bill 2009 |
| Remainder of title | House of Lords Select Committee on Economic Affairs, 3rd report of session 2008-09 [volumes I and II] |
| Medium | [electronic resource] |
| 260 ## - PUBLICATION, DISTRIBUTION, ETC. | |
| Place of publication, distribution, etc. | London |
| Name of publisher, distributor, etc. | Stationery Office |
| Date of publication, distribution, etc. | 2009 |
| 505 2# - FORMATTED CONTENTS NOTE | |
| Formatted contents note | Abstract -- Introduction -- General issues -- The taxation of pensions -- Taxation of foreign profits -- Real Estate Investment Trusts -- Conclusions and recommendations -- Appendices |
| 520 ## - SUMMARY, ETC. | |
| Summary, etc. | A report on the Finance Bill 2009, which looks at various issues relating to finance and taxation, including REITs. Suggests that the fact that there are no residential REITs, and none which have not been converted from property companies, indicates that a more flexible approach should be taken. Proposes that consultations be undertaken to look at lessons which can be learned from international experience, and asserts that the current approach to REITs is too cautious. |
| 520 ## - SUMMARY, ETC. | |
| Summary, etc. | Volume I contains the report and volume II the evidence. |
| 521 ## - TARGET AUDIENCE NOTE | |
| Target audience note | Advanced |
| 590 ## - LOCAL NOTE (RLIN) | |
| Local note | KA NTK |
| 651 #4 - SUBJECT ADDED ENTRY--GEOGRAPHIC NAME | |
| Geographic name | United Kingdom |
| Chronological subdivision | |
| 690 ## - LOCAL SUBJECT ADDED ENTRY--TOPICAL TERM (OCLC, RLIN) | |
| Topical term or geographic name as entry element | PROPERTY-PROPERTY FINANCE AND INVESTMENT-REAL ESTATE INVESTMENT TRUSTS |
| 856 40 - ELECTRONIC LOCATION AND ACCESS | |
| Uniform Resource Identifier | <a href="https://www.publications.parliament.uk/pa/ld/ldeconaf.htm">https://www.publications.parliament.uk/pa/ld/ldeconaf.htm</a> |
| Public note | View the report free of charge at aaa.publications.parliament.uk... |
| 942 ## - ADDED ENTRY ELEMENTS (KOHA) | |
| Suppress in OPAC | 0 |
| Withdrawn status | Lost status | Source of classification or shelving scheme | Damaged status | Not for loan | Home library | Current library | Shelving location | Date acquired | Total Checkouts | Full call number | Barcode | Date last seen | Copy number | Price effective from | Koha item type |
|---|---|---|---|---|---|---|---|---|---|---|---|---|---|---|---|
| Dewey Decimal Classification | Virtual | Virtual | Online | 29/06/2009 | ONLINE PUBLICATION | 147895-2001 | 06/08/2019 | 1 | 06/08/2019 | Book |